<?xml version="1.0" encoding="UTF-8"?>
<collection xmlns="http://www.loc.gov/MARC21/slim">
  <record>
    <leader>00000nam  2200000   4500</leader>
    <controlfield tag="001">INLIS000000000003948</controlfield>
    <controlfield tag="005">20250616023731</controlfield>
    <datafield tag="035" ind1="#" ind2="#">
      <subfield code="a">0010-0625000153</subfield>
    </datafield>
    <controlfield tag="007">ta</controlfield>
    <controlfield tag="008">250616################g##########0#ind##</controlfield>
    <datafield tag="082" ind1="#" ind2="#">
      <subfield code="a">378.2</subfield>
    </datafield>
    <datafield tag="084" ind1="#" ind2="#">
      <subfield code="a">378.2 DHE k</subfield>
    </datafield>
    <datafield tag="100" ind1=" " ind2="#">
      <subfield code="a">Dheri Ciptadi</subfield>
    </datafield>
    <datafield tag="245" ind1="1" ind2="#">
      <subfield code="a">Kertas Kerja Perseorangan (KKP) Rencana Kerja Peningkatan Kinerja Sekretaris Dalam Pengembangan Pelayanan Kesekretariatan Bagi Kepala BKKBN Pada Sub Bagian Tata Usaha Kepala BKKBN, Bagian Administrasi Umum Di Biro Umum /</subfield>
      <subfield code="c">Dheri Ciptadi</subfield>
    </datafield>
    <datafield tag="260" ind1="#" ind2="#">
      <subfield code="a">Bogor :</subfield>
      <subfield code="b">BKKBN,</subfield>
      <subfield code="c">2011</subfield>
    </datafield>
    <datafield tag="300" ind1="#" ind2="#">
      <subfield code="a">ix, 39 hlm :</subfield>
      <subfield code="b">ilus ;</subfield>
      <subfield code="c">29 cm</subfield>
    </datafield>
    <datafield tag="650" ind1="#" ind2="4">
      <subfield code="a">Program KB</subfield>
    </datafield>
    <datafield tag="504" ind1="#" ind2="#">
      <subfield code="a">Bibliografii : halaman 39</subfield>
    </datafield>
  </record>
</collection>
